Общая электротехника: учебное пособие

Podrobná bibliografie
Hlavní autor: Пустынников С. В. Сергей Владимирович
Korporativní autor: Национальный исследовательский Томский политехнический университет (ТПУ) Институт международного образования и языковой коммуникации (ИМОЯК) Кафедра междисциплинарная (МД)
Další autoři: Шандарова Е. Б. Елена Борисовна, Хан Вей
Shrnutí:Заглавие с титульного экрана
Электронная версия печатной публикации
В пособии в краткой форме изложены основные темы, изучаемые в дисциплине "Общая электротехника". По каждой теме разработан терминологический словарь на английском и китайском языках и предложены задачи для самостоятельного решения. Представлены три расчетно-графические работы по расчету цепей постоянного тока, синусоидального тока и по переходным процессам, даны методические указания по их выполнению. Предназначено для китайских студентов ИМОЯК, изучающих электротехнику.
Режим доступа: из корпоративной сети ТПУ
Jazyk:ruština
Vydáno: Томск, Изд-во ТПУ, 2013
Témata:
On-line přístup:http://www.lib.tpu.ru/fulltext2/m/2013/m269.pdf
Médium: MixedMaterials Elektronický zdroj Kniha
KOHA link:https://koha.lib.tpu.ru/cgi-bin/koha/opac-detail.pl?biblionumber=244734

MARC

LEADER 00000nlm0a2200000 4500
001 244734
005 20240131130250.0
035 |a (RuTPU)RU\TPU\book\266126 
090 |a 244734 
100 |a 20131028d2013 m y0rusy50 ca 
101 0 |a rus 
102 |a RU 
105 |a a j 001zy 
135 |a drcn ---uucaa 
181 0 |a i  
182 0 |a b 
200 1 |a Общая электротехника  |e учебное пособие  |f С. В. Пустынников, Е. Б. Шандарова, Хан Вей  |g Национальный исследовательский Томский политехнический университет (ТПУ), Институт международного образования и языковой коммуникации (ИМОЯК), Кафедра междисциплинарная (МД) 
203 |a Текст  |c электронный 
210 |a Томск  |c Изд-во ТПУ  |d 2013 
300 |a Заглавие с титульного экрана 
300 |a Электронная версия печатной публикации 
330 |a В пособии в краткой форме изложены основные темы, изучаемые в дисциплине "Общая электротехника". По каждой теме разработан терминологический словарь на английском и китайском языках и предложены задачи для самостоятельного решения. Представлены три расчетно-графические работы по расчету цепей постоянного тока, синусоидального тока и по переходным процессам, даны методические указания по их выполнению. Предназначено для китайских студентов ИМОЯК, изучающих электротехнику. 
333 |a Режим доступа: из корпоративной сети ТПУ 
337 |a Adobe Reader 
606 1 |a Электротехника общая  |2 stltpush  |3 (RuTPU)RU\TPU\subj\20906  |9 45967 
610 1 |a электронный ресурс 
610 1 |a учебные пособия 
610 1 |a труды учёных ТПУ 
610 1 |a иностранные студенты 
610 1 |a цепи постоянного тока 
610 1 |a цепи синусоидального тока 
610 1 |a переходные процессы 
610 1 |a задачи 
610 1 |a самостоятельная работа 
610 1 |a линейные электрические цепи 
610 1 |a взаимная индуктивность 
610 1 |a двухобмоточные трансформаторы 
610 1 |a трехфазные цепи 
610 1 |a китайские студенты 
675 |a 621.3(075.8)  |v 3 
700 1 |a Пустынников  |b С. В.  |c специалист в области электротехники  |c доцент Томского политехнического университета, кандидат технических наук  |f 1957-  |g Сергей Владимирович  |3 (RuTPU)RU\TPU\pers\25686  |9 11597 
701 1 |a Шандарова  |b Е. Б.  |c специалист в области электротехники  |c доцент Томского политехнического университета, кандидат технических наук  |f 1971-  |g Елена Борисовна  |3 (RuTPU)RU\TPU\pers\26024  |9 11871 
701 0 |a Хан Вей 
712 0 2 |a Национальный исследовательский Томский политехнический университет (ТПУ)  |b Институт международного образования и языковой коммуникации (ИМОЯК)  |b Кафедра междисциплинарная (МД)  |3 (RuTPU)RU\TPU\col\19012 
801 1 |a RU  |b 63413507  |c 20131028 
801 2 |a RU  |b 63413507  |c 20141010  |g RCR 
856 4 |u http://www.lib.tpu.ru/fulltext2/m/2013/m269.pdf 
942 |c CF